000 003110000a22001450004500
003 MACL
040 _aMACL
090 _c47897
_d47895
100 _aGraham,Buck
245 _aTCP/IP Addressing
260 _aNoida
_bMorgan Kaufmann
_c2001
350 _a295
650 _acomputer lag.
942 _cBOOK
_k004.6/GRA
999 _c47390
_d47390